000 01100cam a22003137a 4500
999 _c1969
_d1969
001 13119679
003 OSt
005 20191207115411.0
008 980825s1999 enka b 001 0 eng
010 _a 2003428940
020 _a0340747609
035 _a(OCoLC)ocm40752857
040 _aUKM
_cDLC
_dUKM
_dC#P
_dOCL
_dMUQ
_dDLC
050 0 0 _aBF76.5
_b.C664 1999
082 0 4 _a158 COO 1999
_221
100 1 _aCoolican, Hugh.
_95175
245 1 0 _aResearch Methods and Statistics in Psychology
250 _a3rd ed.
260 _aLondon;
_bHodder & Stoughton,
_c1999.
300 _axii, 591 p. :
_bill. ;
_c25 cm.
504 _aIncludes bibliographical references and index.
650 0 _aPsychology
_95176
650 0 _aResearch methods
_95177
856 4 2 _3Publisher description
_uhttp://www.loc.gov/catdir/enhancements/fy0637/2003428940-d.html
856 4 1 _3Table of contents only
_uhttp://www.loc.gov/catdir/enhancements/fy0637/2003428940-t.html
906 _a7
_bcbc
_ccopycat
_d2
_encip
_f20
_gy-gencatlg
942 _2z
_cSLOAN